Kinh tế thị trường và nghề Giám đốc

Tallennettuna:
Bibliografiset tiedot
Päätekijä: Trần Hoàng Kim
Aineistotyyppi: Kirja
Kieli:Undetermined
Julkaistu: Hà Nội Thống kê 1993
Aiheet:
Tagit: Lisää tagi
Ei tageja, Lisää ensimmäinen tagi!
Thư viện lưu trữ: Trung tâm Học liệu Trường Đại học Cần Thơ
LEADER 00538nam a2200169Ia 4500
001 CTU_11265
008 210402s9999 xx 000 0 und d
082 |a 658 
082 |b K310 
100 |a Trần Hoàng Kim 
245 0 |a Kinh tế thị trường và nghề Giám đốc 
245 0 |c Trần Hoàng Kim, Dư Văn Vinh, Trần Hữu Thực 
260 |a Hà Nội 
260 |b Thống kê 
260 |c 1993 
650 |a management,marketing 
980 |a Trung tâm Học liệu Trường Đại học Cần Thơ